Library Banner

Noor irfan = نور عرفان / (Record no. 114500)

MARC details
000 -LEADER
fixed length control field 00454nam a22001457a 4500
005 - DATE AND TIME OF LATEST TRANSACTION
control field 20191106110459.0
008 - FIXED-LENGTH DATA ELEMENTS--GENERAL INFORMATION
fixed length control field 191106b ||||| |||| 00| 0 eng d
040 ## - CATALOGING SOURCE
Transcribing agency PK-LaUMT
082 ## - DEWEY DECIMAL CLASSIFICATION NUMBER
Classification number 297.4
Item number MAH-N
100 ## - MAIN ENTRY--PERSONAL NAME
Personal name Mahmood Ali Anjum = محمود علی انجم
245 ## - TITLE STATEMENT
Title Noor irfan = نور عرفان /
Statement of responsibility, etc by Mahmood Ali Anjum = محمود علی انجم
260 ## - PUBLICATION, DISTRIBUTION, ETC. (IMPRINT)
Place of publication, distribution, etc Lahore :
Name of publisher, distributor, etc Noor-e-Zaat Publishers,
Date of publication, distribution, etc 2017
300 ## - PHYSICAL DESCRIPTION
Extent 623 p.
942 ## - ADDED ENTRY ELEMENTS (KOHA)
Koha item type Books
Holdings
Withdrawn status Lost status Damaged status Home library Current library Date acquired Full call number Barcode Date last seen Price effective from Koha item type
      UMT Main Campus UMT Main Campus 2019-11-06 297.4 MAH-N 131484 2019-11-06 2019-11-06 Books